|
|
|
|
| LEADER |
00000nam a2200000 a 4500 |
| 001 |
1/111124 |
| 008 |
160616s2010####enk| ||| |||| ||eng|| |
| 020 |
|
|
|a 9780470723371
|
| 040 |
|
|
|a GR-MyUa
|b gre
|c GR-MyUa
|e AACR2
|
| 041 |
0 |
|
|a eng
|
| 082 |
7 |
|
|a 004.019
|2 (23)
|
| 100 |
1 |
|
|a Lazar, Jonathan.
|
| 245 |
1 |
0 |
|a Research methods in human-computer interaction /
|c Jonathan Lazar, Jinjuan Heidi Feng, Harry Hochheiser.
|
| 260 |
|
|
|a Chichester, West Sussex, U.K. :
|b Wiley,
|c c2010.
|
| 300 |
|
|
|a xx, 426 σ. ;
|c 24 εκ.
|
| 504 |
|
|
|a Περιλαμβάνει βιβλιογραφικές παραπομπές και ευρετήριο.
|
| 650 |
|
0 |
|a Human-computer interaction
|x Research.
|
| 700 |
1 |
|
|a Feng, Jinjuan Heidi.
|
| 700 |
1 |
|
|a Hochheiser, Harry.
|
| 852 |
|
|
|a INST
|b SYROS
|e 20160616
|h 004.019 LAZ
|p 005500012644
|q 005500012644
|t BK
|y 0
|
| 922 |
|
|
|a 5ΕΛΗ
|b 201605
|c Βιβλιοθήκη Σύρου
|d Διαδρομές
|
| 970 |
|
|
|a Κοντού
|b Παρασκευή
|z 16/06/2016
|